000 00451nam a22001937a 4500
999 _c11609
_d11609
003 OSt
008 221226b ||||| |||| 00| 0 eng d
020 _a9789327294484
082 _a346.065 SIB
100 _aSINGH, Ajit
245 _aBusiness Laws-I
250 _a2nd
260 _aLudhiana
_bKalyani Publishers
_c2020
300 _aMISC
650 _aCommerce
700 _aKHURANA, Parveen
700 _aKHURANA, Shashi
942 _2ddc
_cBK
_02